Music Quiz

Random Music Quiz

NOFX - Don´t Call Me White lyrics Quiz Stats

Quiz not verified by Sporcle

Challenge
Share
Tweet
Embed
Score 0/227 Timer 08:00
0 Plays Today
Answer % Correct
Don't
93.8%
call
93.8%
me
93.8%
white,
93.8%
Don't
93.8%
call
93.8%
me
93.8%
white
93.8%
Don't
93.8%
call
93.8%
me
93.8%
white,
93.8%
Don't
93.8%
call
93.8%
me
93.8%
white
93.8%
Don't
93.8%
call
93.8%
me
93.8%
white,
93.8%
Don't
93.8%
call
93.8%
me
93.8%
white
93.8%
Don't
93.8%
call
93.8%
me
93.8%
white,
93.8%
Don't
93.8%
call
93.8%
me
93.8%
white
93.8%
Don't
93.8%
call
93.8%
me
93.8%
white,
93.8%
Don't
93.8%
call
93.8%
me
93.8%
white
93.8%
Don't
93.8%
call
93.8%
me
93.8%
white,
93.8%
Don't
93.8%
call
93.8%
me
93.8%
white
93.8%
white
93.8%
Don't
93.8%
call
93.8%
me
93.8%
white,
93.8%
Don't
93.8%
call
93.8%
me
93.8%
white
93.8%
Don't
93.8%
call
93.8%
me
93.8%
white,
93.8%
Don't
93.8%
call
93.8%
me
93.8%
white
93.8%
me
93.8%
Don't
93.8%
call
93.8%
me
93.8%
white,
93.8%
Don't
93.8%
call
93.8%
me
93.8%
white
93.8%
Don't
93.8%
call
93.8%
Answer % Correct
me
93.8%
white,
93.8%
Don't
93.8%
call
93.8%
me
93.8%
white
93.8%
Don't
93.8%
call
93.8%
me
93.8%
white,
93.8%
Don't
93.8%
call
93.8%
me
93.8%
white
93.8%
The
87.5%
the
87.5%
the
87.5%
the
87.5%
the
87.5%
a
87.5%
The
87.5%
the
87.5%
The
87.5%
A
87.5%
and
87.5%
the
87.5%
the
87.5%
and
87.5%
in?
68.8%
your
68.8%
in
68.8%
your
68.8%
An
68.8%
it
62.5%
I
62.5%
I
62.5%
I
62.5%
I
62.5%
I
62.5%
of
62.5%
I'm
62.5%
I
62.5%
of
62.5%
I
62.5%
I
62.5%
be
56.3%
for
56.3%
for
56.3%
was
56.3%
born
56.3%
For
56.3%
No!
56.3%
no
56.3%
just
56.3%
so
56.3%
what
56.3%
you're
56.3%
So
56.3%
for
56.3%
what
56.3%
for
56.3%
Could
50%
mess
50%
we're
50%
But
50%
wasn't
50%
here,
50%
have
50%
to
50%
to
50%
to
50%
We're
50%
But
50%
who
50%
my
43.8%
thin
43.8%
Answer % Correct
that
43.8%
what's
43.8%
brought
43.8%
being
43.8%
ain't
43.8%
part
43.8%
average
43.8%
hate,
43.8%
go
43.8%
can
43.8%
I've
43.8%
not
43.8%
am
43.8%
wearing
37.5%
generating
37.5%
understand
37.5%
explanation
37.5%
spite?
37.5%
this
37.5%
take
37.5%
****
37.5%
conspiracy,
37.5%
Joe.
37.5%
everything
37.5%
****'
37.5%
off
37.5%
this
37.5%
Say
37.5%
say
37.5%
done
37.5%
language
31.3%
stereotype
31.3%
malice,
31.3%
Circumsized,
31.3%
sworn,
31.3%
Does
31.3%
mean
31.3%
such
31.3%
Represents
31.3%
mind
31.3%
vast
31.3%
majority
31.3%
brain
31.3%
ordinary
31.3%
better
31.3%
way
31.3%
Accept
31.3%
nerves
25%
semantics
25%
allegiance
25%
fairskinned?
25%
soap
25%
shoved
25%
mouth
25%
cleanse
25%
Constricting
25%
blood
25%
They're
25%
gonna
25%
ahead
25%
label
25%
****
25%
cause
25%
responsibility,
25%
connotations
18.8%
breeds
18.8%
sheep
18.8%
buttoned
18.8%
collar,
18.8%
starched
18.8%
bleached
18.8%
flow
18.8%
veins,
12.5%
slows
12.5%
categorized,
6.3%

You're not logged in!

Compare scores with friends on all Sporcle quizzes.
Sign Up with Email
OR
Log In

You Might Also Like...

Show Comments

Extras

Top Quizzes Today


Score Distribution

Your Account Isn't Verified!

In order to create a playlist on Sporcle, you need to verify the email address you used during registration. Go to your Sporcle Settings to finish the process.